| 000 | 01138nam a22002537a 4500 | ||
|---|---|---|---|
| 003 | BD-DhSAU | ||
| 005 | 20220524112644.0 | ||
| 008 | 220425b2020 bg bad|| |||| 001 0 eng d | ||
| 040 | _aBD-DhSAU | ||
| 082 |
_222 _a630.715 _bJ261 |
||
| 100 |
_aJannat, Jeba _eRegistration # 18-09258 |
||
| 245 |
_aUse of media to collect a agricultural information by rooftop gardeners in Rangpur city / _bMS thesis _cJeba Jannat |
||
| 260 |
_aSher-e-Bangla Agricultural Uniersity : _bDepartment of Agricultural Extension & Information System ; _c2020 |
||
| 300 |
_avii, 52 p. : _bill. , charts, maps ; _c30 cm. |
||
| 500 | _aMS thesis Department of Agricultural Extension & Information System, Faculty of Agriculture, Sher-e-Bangla Agricultural University, Dhaka, Bangladesh | ||
| 590 | _akobir | ||
| 650 | _aAgricultural Extension & Information System | ||
| 650 |
_aRooftop gardeners _xRangpur district |
||
| 650 | _aMedia | ||
| 700 |
_aAlam, Md. Mahbubul _eSupervisor |
||
| 700 |
_aAlam, Md. Mahbubul Alam _eCo-Supervisor |
||
| 856 |
_yOnline Access _uhttp://archive.saulibrary.edu.bd:8080/xmlui/handle/123456789/3708 |
||
| 942 |
_2ddc _cTHESIS |
||
| 999 |
_c15828 _d15827 |
||